000 00350nam a2200157Ia 4500
003 Ost
005 20260225132551.0
008 260225s9999||||xx |||||||||||||| ||und||
040 _cfsic
041 _afre
082 _a791.43
100 _aJoe hamman
_eAuteur
245 0 _aSur les pistes du far -west /
245 0 _cJoe hamman
942 _cكتاب
999 _c34140
_d34140